000 00689nam a2200217Ii 4500
003 JO-AjNU
008 230605s9999||||xx |||||||||||||| ||und||
017 _a15841
020 _a978-977-358-255-0
040 _aJO-AjNU
_bara
_erda
_cJO-AjNU
041 _aara
050 1 4 _aJF2112.2012
100 3 _aمآريك ، فيليب / الخزامى ، عبد الحكيم احمد ,
_eauthor
_934310
245 0 0 _aالحملة الاعلامية والتسويق السياسي
250 _aط1
264 3 1 _aالقاهرة : دار الفجر ،2012
300 _a358ص
336 _atext
_btxt
_2rdacontent
337 _aunmediated
_bn
_2rdamedia
338 _avolume
_bnc
_2rdacarrier
999 _aA14052
_c17620
_d17620